Państwa graniczące z III Rzeszą w 1939 - Statystyki

Ogólne statystyki
  • Ten quiz został rozwiązany 1 117 razy
  • Średni wynik to 10 z 14
Statystyki odpowiedzi
Odpowiedzi % Poprawnych
Polska
98%
Francja
93%
Belgia
87%
Holandia
86%
Dania
84%
Szwajcaria
82%
Luksemburg
80%
Włochy
77%
Węgry
70%
Litwa
68%
Słowacja
65%
Jugosławia
57%
Liechtenstein
52%
Wolne Miasto Gdanśk
30%
Nie znaleziono quizów pasujących do podanych kryteriów
Rozkład punktacji
Procent ludzi z każdym wynikiem
Percentyl według liczby udzielonych odpowiedzi
Twoja historia wyników
Nie rozwiązałeś tego quizu